|
|
|
|
| LEADER |
00000cam a2200000 7i4500 |
| 001 |
0000000776 |
| 005 |
20001003.0 |
| 020 |
0 |
0 |
|a 9748007057
|
| 090 |
0 |
0 |
|a 582.16
|b HOR 1993
|
| 100 |
1 |
0 |
|a HOR
|h Yue Luan
|
| 245 |
1 |
0 |
|a Seed testing for selected tropical trees in ASEAN Region
|c Hor Yue Luan
|
| 260 |
0 |
0 |
|a Saraburi, Thailand :
|b ASEAN-Canada Forest Tree Seed Centre Project ,
|c 1993
|
| 300 |
|
|
|a 83 p. :
|b ill. ;
|c 25 cm.
|
| 490 |
0 |
0 |
|a Review paper
|v n. 2
|
| 650 |
0 |
0 |
|a Seeds
|z ASEAN
|x Testing
|
| 650 |
0 |
0 |
|a Trees
|z ASEAN
|x Seedlings
|
| 710 |
1 |
1 |
|a ASEAN-Canada Forest Tree Seed Centre Project
|
| 999 |
|
|
|a 0000000214
|b Monograph
|c Open Shelf
|e Default branch
|